000 00820nam a22001937a 4500
999 _c58304
_d58304
005 20211102141655.0
008 211102s2007 enk||||| |||| 00| 0 rus d
020 _a9788779899582
041 _arus
080 _a159.964 X-12
100 _aХаббард, Рональд Лафайет.
_912701
245 _aСамо-анализ :
_bПростая книга для помощи самому себе, содержащая тесты и методики, основанные на открытиях дианетики /
_cЛ.Рон Хаббард.
264 _aМ. :
_b"Нью Эра",
_c2007.
300 _a374с. :
_b[1]л.табл. ;
_c25см.
653 _a დიანეტიკა
653 _a საენტოლოგია
653 _a თვითშეგნება
942 _2udc
_cBK